Brawl Stars: Exclusive Skins by Picture - Statistics

General Stats
  • This quiz has been taken 46 times
    45 since last reset
  • The average score is 30 of 76
Answer Stats
Picture Answer % Correct
Buzz Patrick
73%
Sandy Jessie
70%
Barbarian King Bull
67%
Black Godzilla Buzz
67%
Mr. Krabs Tick
67%
Godzilla Buzz
64%
SpongeBob El Primo
64%
Star Shelly
61%
Ninja Ash
58%
Plankton Darryl
58%
Ricochet
58%
Squidward Mortis
58%
Virus 8-Bit
58%
Mega Box Darryl
55%
Omega Box Darryl
55%
Poco Starr
55%
Red Godzilla Buzz
55%
Werewolf Leon
55%
B-800
52%
Belle Goldhand
52%
Challenger Colt
52%
Mechagodzilla Nita
52%
Mothra Eve
52%
Princess Shelly
52%
Witch Shelly
52%
Blue Squidward Mortis
48%
Born Bad Buzz
48%
Director Buzz
48%
King Lou
48%
Pink Squidward Mortis
48%
Red Dragon Jessie
48%
Dumpling Darryl
42%
Merchant Gale
42%
Saloon 8-Bit
42%
Furious Fang
39%
Heroine Bibi
39%
Lion Dance Brock
39%
Santa Mike
39%
Trixie Colette
39%
America Shelly
36%
Bellhop Mike
36%
Classic Dynamike
36%
Classic Shelly
36%
Super Ranger Brock
36%
Surfer Carl
36%
Wizard Byron
36%
Mecha-Tick Ghidorah
33%
Gunslinger Colt
30%
Jet Ski Jacky
30%
Nian Nita
30%
Smuggler Penny
30%
Street Ninja Tara
30%
Major Rosa
27%
Mecha Paladin Surge
27%
Old School Brock
27%
Rebel Lola
27%
Red Nose Nita
27%
Ronin Ruffs
27%
Royal Agent Colt
27%
Calavera Piper
24%
Lil Helper Penny
24%
Atl. Nacional Colt
21%
D4R-RY1
21%
Mecha-Tick Ghidorah Dark
18%
Mecha-Tick Ghidorah Light
18%
Boca Juniors Shelly
15%
Club America Colt
15%
River Plate Colt
15%
Chivas Mike
12%
El Primo Corinthians
12%
Flamengo Mike
12%
U de Chile Shelly
12%
Cerro Porteño Colt
9%
El Primo Club Nacional
9%
El Primo Universitario
9%
LDU Quito Mike
9%
No matching quizzes found
Score Distribution
Percent of People with Each Score
Percentile by Number Answered
Your Score History
You have not taken this quiz since the last reset